00842nam a2200229 a 450000100100000000500170001000800410002702000150006804000250008324500820010826000520019030000360024249000210027850000420029950400270034170000330036870000330040170000320043483000240046695201050049099900170059500003871820201002031340.0130419s1979 sp ac 000 0 spa d a8429714979 aDO-SdBNPbspacBNPHU00a¿Qué pasa con la sanidad? /cprólogo J. Artigas, J. Martí, H. Pardell. aBarcelona :bServeis de Cultura Popular,c1979. a96 p. :bils., retrs. ;c23 cm.1 aLa Ramblavno. 8 aIncluye notas al pie de las páginas aBibliografía : p. 951 aArtigas, J.,epról.9650251 aMartí, J.,epról.9650261 aPardel, H.,epról.965027 0aLa Ramblan8965028 001050718MOaGRbGRcCTd2013-04-19iLF1l0o p38718-10r2020-06-25w2020-06-25y1ZNo se presta c38208d38208